000 00335nam a22001337a 4500
008 181018b xxu||||| |||| 00| 0 eng d
020 _a086595468098
041 _aeng
080 _a821
100 _a24
101 _afja
245 _aNew Websters Dictionary And Thesauraus Of The English Language
_cSEE.p
942 _2udc
_cBK
999 _c50140
_d50140